| 000 | 00556nam a2200193Ia 4500 | ||
|---|---|---|---|
| 001 | 15056 | ||
| 003 | GE_BSU | ||
| 008 | 181216s||||||||xx |||||||||||||| ||und|| | ||
| 040 | _cGE_BSU | ||
| 080 | _a51(075.8) | ||
| 100 | _aВиленкин, Н.Я. Литвиненко,В.Н. Мордкович,А.Г. | ||
| 245 | _aЭлементарная математика | ||
| 260 | _aМосква | ||
| 260 | _bПросвещение. | ||
| 260 | _c1970 | ||
| 300 | _a221стр.22см. | ||
| 653 | _aЭлементарная математика | ||
| 942 | _cBK | ||
| 999 |
_c48174 _d48174 |
||